| 000 | 00685nam a22001937a 4500 | ||
|---|---|---|---|
| 005 | 20210615130906.0 | ||
| 008 | 210423b ag ||||| |||| 00| 0 spa d | ||
| 020 | _a9509431664 | ||
| 050 | 0 | 4 |
_aK5261 _bU24 1997 |
| 100 | 1 | _aÜberhofen, Michael | |
| 245 | 1 | 3 |
_aLa corrupción en el derecho comparado _c/ Michael Überhofen. |
| 250 | _a1a ed. | ||
| 260 |
_aBuenos Aires, República Argentina : _bCentro Interdisciplinario de Estudios sobre el Desarrollo latinoamericano : _bKonrad -Adenauer- Stiftung, _c1997 |
||
| 300 |
_a115 p. ; _c21 cm. |
||
| 504 | _aIncluye bibliografía | ||
| 650 | 7 |
_2lemb _aCorrupción administrativa |
|
| 650 | 7 |
_2lemb _aDerecho comparado |
|
| 942 |
_2lcc _cLIB |
||
| 999 |
_c155577 _d155575 |
||